| 000 | 00658nam a22002057a 4500 | ||
|---|---|---|---|
| 003 | DO-SdBNP | ||
| 005 | 20180215110026.0 | ||
| 008 | 170117b2000 xx ||| |||| 00| 0 spa d | ||
| 020 | _a0769907962 | ||
| 040 |
_6BPMSU _8spa _aBPMSU _cdr |
||
| 100 | _aBaker, Alan | ||
| 245 |
_a El día de René, el conejo café / _cAlan Baker ; traducción Lourdes Pacheco, Lourdes Huici |
||
| 260 |
_a United States: _bShortland Publications, _c2000 |
||
| 300 |
_a24 p. : _bils. ; _c32 cm. |
||
| 700 |
_aPacheco, Lourdes _etr. |
||
| 700 |
_a Huici, Lourdes _etr. |
||
| 942 |
_2ddc _cBK |
||
| 945 | _aInventariado, 2018 / BT | ||
| 956 |
_2VMATEO _b10 _c20170117 _dBPMSU _f0069 |
||
| 999 |
_c12506 _d12506 |
||